Nuclear Scholars Initiative : a collection of papers from the 2013 Nuclear Scholars Initiative /

The 2013 class of Nuclear Scholars, selected from a very competitive applicant pool, contained some of the best and brightest young professionals in the nuclear field. Drawn from graduate programs, the national labs, the civil service, and the U.S. military, these Nuclear Scholars participated in si...

Full description

Bibliographic Details
Main Author: Anstey, Isabelle (Author)
Corporate Author: Ebook Library
Other Authors: Weiner, Sarah (Editor)
Format: eBook
Language:English
Published: Washington, DC : Lanham, MD : Center for Strategic and International Studies ; Rowman & Littlefield, [2014]
Subjects:
Online Access:Connect to the full text of this electronic book

MARC

Tag First Indicator Second Indicator Subfields
LEADER 00000cam a2200000Ii 4500
001 in00003461649
006 m o d
007 cr cnu---unuuu
008 140127t20142014dcua ob 100 0 eng d
005 20250816210721.7
020 |a 9781442227989 (electronic bk.) 
020 |a 1442227982 (electronic bk.) 
020 |z 9781442227972 (pb) 
020 |z 1442227974 (pb) 
035 |a (OCoLC)ocn869212478 
035 |a (OCoLC)869212478 
040 |a AWC  |b eng  |e rda  |e pn  |c AWC  |d BTCTA  |d IDEBK  |d YDXCP  |d N$T  |d CDX  |d OCLCO  |d OCLCF  |d TXA  |d UtOrBLW 
049 |a TXAM 
050 4 |a U264  |b .N83 2014eb 
072 7 |a POL  |x 040020  |2 bisacsh 
072 7 |a POL  |x 011000  |2 bisacsh 
082 0 4 |a 327.1/747  |2 23 
245 0 0 |a Nuclear Scholars Initiative :  |b a collection of papers from the 2013 Nuclear Scholars Initiative /  |c editor, Sarah Weiner ; authors Isabelle Anstey [and 16 others]. 
264 1 |a Washington, DC :  |b Center for Strategic and International Studies ;  |a Lanham, MD :  |b Rowman & Littlefield,  |c [2014] 
264 4 |c ©2014 
300 |a 1 online resource (v, 272 pages) :  |b illustrations 
336 |a text  |b txt  |2 rdacontent 
337 |a computer  |b c  |2 rdamedia 
338 |a online resource  |b cr  |2 rdacarrier 
347 |a text file  |b PDF  |2 rda 
500 |a "January 2014." 
504 |a Includes bibliographical references. 
505 0 |a A gentleman's agreement / Isabelle Anstey -- Beyond NewSTART : the IAEF initiative and the new dynamism of nuclear policy / Lee Aversano -- Societal verification : past and present / Jessica Bufford -- Climate change and the Middle East : a security perspective / Nilsu Goren -- Russian strategic nuclear modernization (1991-2013) : capabilities and motivations / Jana Honkova -- Failure to ignite : the absence of cascading nuclear proliferation / Graham W. Jenkins -- The CTBT and the nuclear testing moratorium : technical perspectives and political challenges / Phyllis Ko -- Squaring the circle? The Nuclear Non-Proliferation Treaty, Iran, and the challenge of compliance / Rizwan Ladha -- Arguing in perfect harmony : a search for order among U.S. nuclear force structure evaluation criteria / Jarret M. Lafleur -- Potential LEU encumbrances and alternatives for the U.S. production of tritium for national security purposes / David K. Lartonoix -- A better debate on nuclear disarmament / Adam Mount -- Red lines or green lights? U.S. extended deterrence in Pacific maritime disputes / Mira Rapp-Hooper -- Naval nuclear propulsion : a feasible proliferation pathway? / Alicia L. Swift -- The zero straw man : a rhetorical analysis of nuclear policy proposals (2007-2009) / David Thomas -- Test results : surveying U.S. responses to nuclear testing over time / Timothy J. Westmyer -- The feasibility of uranium-233 as a proliferation pathway for nuclear aspirant states / Craig J. Wiener -- Between the lines : the B61 life extension program / Lauren Wilson. 
520 |a The 2013 class of Nuclear Scholars, selected from a very competitive applicant pool, contained some of the best and brightest young professionals in the nuclear field. Drawn from graduate programs, the national labs, the civil service, and the U.S. military, these Nuclear Scholars participated in six monthly workshops that focused on a wide range of nuclear topics. These topics included extended deterrence and assurance, stockpile stewardship, nuclear materials security, Iranian and North Korean proliferation, international nonproliferation norms and treaties, missile defense, and nuclear targeting. The program culminated in a final meeting at which the Nuclear Scholars presented their own research to a panel of senior experts. The papers resulting from these presentations are contained in this year's volume. 
588 |a Description based on online resource; title from PDF title page (CSIS, viewed January 27, 2014). 
650 0 |a Nuclear weapons  |v Congresses. 
650 0 |a Nuclear weapons  |x Government policy  |v Congresses. 
650 0 |a Nuclear weapons  |x Testing  |v Congresses. 
650 0 |a Nuclear nonproliferation  |v Congresses. 
650 0 |a Deterrence (Strategy)  |v Congresses. 
650 7 |a POLITICAL SCIENCE / Government / International.  |2 bisacsh 
650 7 |a POLITICAL SCIENCE / International Relations / General.  |2 bisacsh 
650 7 |a Deterrence (Strategy)  |2 fast  |0 (OCoLC)fst00891658 
650 7 |a Nuclear nonproliferation.  |2 fast  |0 (OCoLC)fst01040376 
650 7 |a Nuclear weapons.  |2 fast  |0 (OCoLC)fst01040971 
650 7 |a Nuclear weapons  |x Government policy.  |2 fast  |0 (OCoLC)fst01040980 
650 7 |a Nuclear weapons  |x Testing.  |2 fast  |0 (OCoLC)fst01041006 
655 7 |a Electronic books.  |2 local 
655 7 |a Conference proceedings.  |2 fast  |0 (OCoLC)fst01423772 
710 2 |a Ebook Library. 
700 1 |a Weiner, Sarah,  |e editor. 
700 1 |a Anstey, Isabelle,  |e author. 
710 2 |a Project on Nuclear Issues,  |e sponsor. 
710 2 |a Center for Strategic and International Studies (Washington, D.C.),  |e publisher. 
856 4 0 |u https://ebookcentral.proquest.com/lib/tamucs/detail.action?docID=1637315  |y Connect to the full text of this electronic book  |t 0 
948 |a cataloged  |b h  |c 2014/8/25  |d c  |e cproctor  |f 3:08:42 PM 
994 |a C0  |b TXA 
999 f f |s 8ab74f5b-08aa-3b6f-9e7d-7792327b8e7d  |i 41c57229-56b9-35db-bb67-367b197ea7ab  |t 0 
999 |a MARS 
952 f f |a Texas A&M University  |b College Station  |c Electronic Resources  |d Available Online  |t 0  |e U264 .N83 2014eb  |h Library of Congress classification 
998 f f |a U264 .N83 2014eb  |t 0  |l Available Online